Score 0/9 Timer 06:00
1 Play Today
% Correct
Finland
80%
Ireland
80%
Iceland
74.3%
New Zealand
71.4%
Thailand
71.4%
Swaziland
68.6%
Poland
65.7%
Switzerland
65.7%
United Kingdom of Great Britain and Northern Ireland
5.7%
Remove Ads.
Support Sporcle.
Get the best of Sporcle when you Go Orange. This ad-free experience offers more features, more stats, and more fun while also helping to support Sporcle. Thank you for becoming a member.

You're not logged in!

Compare scores with friends on all Sporcle quizzes.
OR
Log In

Show Comments

Extras

Created Oct 24, 2010ReportNominate
Tags:-land

Top Quizzes Today


Score Distribution

Your Account Isn't Verified!

In order to create a playlist on Sporcle, you need to verify the email address you used during registration. Go to your Sporcle Settings to finish the process.

Report this User

Report this user for behavior that violates our Community Guidelines.

Details: